Daňové systémy krajín Škandinávie

Pre škandinávske krajiny, ktoré sú vďaka svojím štedrým sociálnym systémom považované za tzv. sociálne štáty, je charakteristická vysoká miera solidarity, ale aj vysoká miera zdanenia. Daňový systém Fínska, Nórska a Islandu. Názory prívržencov i odporcov uvedených daňových systémov.

Salvato in:
Dettagli Bibliografici
Autore principale: Ďurinová, Ivona, 1964-
Natura: Capitolo di libro
Lingua:slovacco
Soggetti:
Tags: Aggiungi Tag
Nessun Tag, puoi essere il primo ad aggiungerne!!

MARC

LEADER 00000naa a2200000 4500
001 0166260
005 20240502072910.4
041 0 |a slo 
044 |a SK 
245 1 0 |a Daňové systémy krajín Škandinávie  |c Ivona Ďurinová 
520 |a Pre škandinávske krajiny, ktoré sú vďaka svojím štedrým sociálnym systémom považované za tzv. sociálne štáty, je charakteristická vysoká miera solidarity, ale aj vysoká miera zdanenia. Daňový systém Fínska, Nórska a Islandu. Názory prívržencov i odporcov uvedených daňových systémov. 
610 2 0 |a systémy daňové 
610 2 0 |a Škandinávia 
610 2 0 |a Fínsko 
610 2 0 |a Nórsko 
610 2 0 |a Island 
610 2 0 |a reformy daňové 
100 1 |a Ďurinová, Ivona, 1964-